Geo-Forensic Distress Evaluation of a Damaged Building Founded On Collapsable Soil with a View to Formulate a Remedial Strategy: A Case History (Record no. 554119)
[ view plain ]
| 000 -LEADER | |
|---|---|
| fixed length control field | 00428nam a22001217a 4500 |
| 082 ## - DEWEY DECIMAL CLASSIFICATION NUMBER | |
| Classification number | P-780 |
| 100 ## - MAIN ENTRY--PERSONAL NAME | |
| Personal name | Muhammad Hamza Zahoor |
| 9 (RLIN) | 51437 |
| 245 ## - TITLE STATEMENT | |
| Title | Geo-Forensic Distress Evaluation of a Damaged Building Founded On Collapsable Soil with a View to Formulate a Remedial Strategy: A Case History |
| Remainder of title | Syn#21 |
| 260 ## - PUBLICATION, DISTRIBUTION, ETC. | |
| Place of publication, distribution, etc. | Risalpur, |
| Name of publisher, distributor, etc. | MCE, |
| Date of publication, distribution, etc. | 2018. |
| 526 ## - STUDY PROGRAM INFORMATION NOTE | |
| Program name | 0 |
| Interest level | 0 |
| Reading level | 0 |
| Title point value | P_780 |
| 700 ## - ADDED ENTRY--PERSONAL NAME | |
| Personal name | Dr. Sarfraz Ali |
| 9 (RLIN) | 31137 |
| 942 ## - ADDED ENTRY ELEMENTS (KOHA) | |
| Source of classification or shelving scheme | |
| Koha item type | Book |
| Withdrawn status | Lost status | Source of classification or shelving scheme | Damaged status | Not for loan | Permanent Location | Current Location | Date acquired | Total Checkouts | Full call number | Barcode | Date last seen | Date last checked out | Price effective from | Koha item type |
|---|---|---|---|---|---|---|---|---|---|---|---|---|---|---|
| Military College of Engineering (MCE) | Military College of Engineering (MCE) | 09/12/2018 | 1 | P-780 | MCE-P-780 | 03/13/2019 | 03/08/2019 | 09/12/2018 | Book |
